<?xml version="1.0" encoding="UTF-8"?>
<collection xmlns="http://www.loc.gov/MARC21/slim">
 <record>
  <leader>02815nam a2200337 a 4500</leader>
  <controlfield tag="001">elibro.ELB86115</controlfield>
  <controlfield tag="003">FlNmELB</controlfield>
  <controlfield tag="006">m     o  d |      </controlfield>
  <controlfield tag="007">cr cn|||||||||</controlfield>
  <controlfield tag="008">130122s2008    ag |||||s|||||||||||spa d</controlfield>
  <datafield tag="035" ind1=" " ind2=" ">
   <subfield code="a">(MiAaPQ)EBC3205325</subfield>
  </datafield>
  <datafield tag="035" ind1=" " ind2=" ">
   <subfield code="a">(Au-PeEL)EBL3205325</subfield>
  </datafield>
  <datafield tag="035" ind1=" " ind2=" ">
   <subfield code="a">(CaPaEBR)ebr10637325</subfield>
  </datafield>
  <datafield tag="035" ind1=" " ind2=" ">
   <subfield code="a">(OCoLC)847598494</subfield>
  </datafield>
  <datafield tag="040" ind1=" " ind2=" ">
   <subfield code="a">FlNmELB</subfield>
   <subfield code="b">spa</subfield>
   <subfield code="c">FlNmELB</subfield>
  </datafield>
  <datafield tag="050" ind1=" " ind2="4">
   <subfield code="a">QH541</subfield>
   <subfield code="b">T356 2008</subfield>
  </datafield>
  <datafield tag="080" ind1=" " ind2=" ">
   <subfield code="a">574</subfield>
  </datafield>
  <datafield tag="082" ind1="0" ind2="4">
   <subfield code="a">574.5</subfield>
   <subfield code="2">22</subfield>
  </datafield>
  <datafield tag="100" ind1="1" ind2=" ">
   <subfield code="a">Tezanos Pinto, Paula de.</subfield>
  </datafield>
  <datafield tag="245" ind1="1" ind2="0">
   <subfield code="a">Influencia de las macrófitas flotantes en la comunidad fitoplanctónica en un humedal del bajo Paraná (Reserva natural de Otamendi, Argentina)</subfield>
   <subfield code="h">[recurso electronico] /</subfield>
   <subfield code="c">Paula de Tezanos Pinto ; director: Ines O'Farrell.</subfield>
  </datafield>
  <datafield tag="260" ind1=" " ind2=" ">
   <subfield code="a">Buenos Aires, Argentina :</subfield>
   <subfield code="b">Universidad de Buenos Aires,</subfield>
   <subfield code="c">2008.</subfield>
  </datafield>
  <datafield tag="300" ind1=" " ind2=" ">
   <subfield code="a">196 p.</subfield>
  </datafield>
  <datafield tag="502" ind1=" " ind2=" ">
   <subfield code="a">Doctor de la Universidad de Buenos Aires en el área de Ciencias Biológicas.</subfield>
  </datafield>
  <datafield tag="520" ind1=" " ind2=" ">
   <subfield code="a">Se analizaron los efectos de las plantas flotantes libres (PFL) sobre la ecología del fitoplancton a través de experimentos en microcosmos en laboratorio y en mesocosmos en el campo, además de un relevamiento en un ecosistema frecuentemente vegetado con PFL. La cubierta de PFL determinó una columna de agua cuasi oscura y anóxica, que generó liberación de nutrientes desde los sedimentos. La fuerte limitación por luz ejerció un intenso control sobre la biomasa fitoplanctónica, generando ensambles con baja riqueza, pero elevada diversidad y de similar composición específica. Si bien la disponibilidad de nutrientes jugó un rol menor en modelar la respuesta ecológica fitoplanctónica, ésta generó respuestas fisiológicas diferentes. Por el contrario, en ausencia de PFL (mejor clima lumínico) la biomasa fitoplanctónica fue elevada, el oxígeno alcanzó valores de sobresaturación y los nutrientes fueron activamente consumidos. En estos escenarios bien iluminados, los niveles y la relación de nutrientes jugaron un rol fundamental en la estructuración de la composición y la abundancia algal. Así, en altas relaciones de nitrógeno: fósforo (N:P) dominaron especies de la clase Chlorophyceae, mientras que en bajas relaciones de N:P prevalecieron las cianobacterias fijadoras de nitrógeno. La fluctuación periódica en la cobertura de PFL generó una rápida respuesta del ambiente fisicoquímico, pero pobres mecanismos de control sobre el fitoplancton.</subfield>
  </datafield>
  <datafield tag="533" ind1=" " ind2=" ">
   <subfield code="a">Recurso electrónico. Santa Fe, Arg.: e-libro, 2015. Disponible vía World Wide Web. El acceso puede estar limitado para las bibliotecas afiliadas a e-libro.</subfield>
  </datafield>
  <datafield tag="650" ind1=" " ind2="4">
   <subfield code="a">Ecología.</subfield>
  </datafield>
  <datafield tag="650" ind1=" " ind2="0">
   <subfield code="a">Ecology.</subfield>
  </datafield>
  <datafield tag="655" ind1=" " ind2="4">
   <subfield code="a">Libros electrónicos.</subfield>
  </datafield>
  <datafield tag="700" ind1="1" ind2=" ">
   <subfield code="a">O'Farrell, Ines,</subfield>
   <subfield code="e">dir.</subfield>
  </datafield>
  <datafield tag="710" ind1="2" ind2=" ">
   <subfield code="a">e-libro, Corp.</subfield>
  </datafield>
  <datafield tag="856" ind1="4" ind2="0">
   <subfield code="u">https://elibro.net/ereader/unsbiblio/86115</subfield>
  </datafield>
 </record>
</collection>
